[Event "27.Bayer.Senioren-EM2015"]
[Site ""]
[Date "2015.06.15"]
[Round "6.9"]
[White "Leuschner, Guenter"]
[Black "Hein, Manfred"]
[Result "1/2-1/2"]
[WhiteElo "1757"]
[BlackElo "1850"]
[PlyCount "166"]
[EventDate "2015.??.??"]
[WhiteTeam "SW Nürnberg Süd"]
[BlackTeam "FC Gunzenhausen"]

1. d4 d5 2. Nf3 Nc6 3. e3 Nf6 4. a3 Bg4 5. Be2 e6 6. Nbd2 Be7 7. c4 O-O 8. O-O
dxc4 9. Nxc4 Ne4 10. Ncd2 Nxd2 11. Bxd2 Bd6 12. Bc3 Ne7 13. e4 c6 14. Qd2 Bc7
15. Qg5 Bxf3 16. Bxf3 Ng6 17. Qxd8 Raxd8 18. g3 Rd7 19. Rad1 Rfd8 20. Rd2 c5
21. Rfd1 cxd4 22. Rxd4 Rxd4 23. Rxd4 Rxd4 24. Bxd4 b6 25. b3 Be5 26. Be3 Kf8
27. Be2 Ke7 28. f4 Bb2 29. a4 Kd6 30. Kf1 Bc3 31. Bb5 f6 32. Ke2 e5 33. Kd3 Bb4
34. f5 Ne7 35. g4 Bc5 36. Bd2 Nc6 37. h4 a5 38. g5 Nd4 39. gxf6 gxf6 40. Bc4
Nf3 41. Bh6 Nxh4 42. Bg8 Ng2 43. Bxh7 Kc6 44. Bg8 b5 45. Bd5+ Kb6 46. Bd2 Bb4
47. Bc1 Bc5 48. Bf7 Ne1+ 49. Ke2 Nc2 50. Be8 Nd4+ 51. Kd3 Nxb3 52. Bh6 bxa4 53.
Bxa4 Nd4 54. Kc4 Be7 55. Be3 Kc7 56. Kd5 Ne2 57. Ke6 Bd8 58. Bc5 Nc3 59. Bd6+
Kc8 60. Bd7+ Kb7 61. Bxe5 fxe5 62. Kxe5 Kc7 63. Be6 Be7 64. Kd4 Nb5+ 65. Kc4
Nd6+ 66. Kb3 Nxe4 67. Ka4 Bb4 68. Kb5 Kd6 69. Kc4 Ke5 70. Kb5 Nd6+ 71. Ka4 Nxf5
72. Bg8 Ne7 73. Bf7 Nc6 74. Bg8 Nd4 75. Bd5 Kf4 76. Be4 Ke3 77. Bd5 Kd2 78. Bc4
Kc3 79. Bd5 Kb2 80. Bc4 Bd2 81. Bd5 Bb4 82. Bc4 Kc3 83. Bd5 Nf5 1/2-1/2

[Event "27.Bayer.Senioren-EM2015"]
[Site ""]
[Date "2015.06.15"]
[Round "6.10"]
[White "Roeder, Gerd"]
[Black "Abel, Hans-Peter"]
[Result "1-0"]
[WhiteElo "2047"]
[BlackElo "1795"]
[PlyCount "77"]
[EventDate "2015.??.??"]
[WhiteTeam "SV Altensittenbach"]
[BlackTeam "SC Leinfelden"]

1. e4 c6 2. Nc3 d5 3. Qf3 e6 4. d4 dxe4 5. Qxe4 Nf6 6. Qh4 Be7 7. Bg5 Nd5 8.
Bxe7 Qxe7 9. Qxe7+ Kxe7 10. Nf3 Nxc3 11. bxc3 b6 12. a4 Bb7 13. Be2 Nd7 14. O-O
c5 15. a5 Rhc8 16. Ra2 cxd4 17. cxd4 Bd5 18. Rb2 bxa5 19. Ra1 Rcb8 20. Rxb8
Rxb8 21. Kf1 Rc8 22. Bd3 Bc4 23. Ke2 Bxd3+ 24. Kxd3 Rc7 25. Rxa5 Nb6 26. Nd2 g6
27. c4 f6 28. g3 Nd7 29. f4 h6 30. Ne4 Nb8 31. Kc3 Nc6 32. Rc5 f5 33. Nd2 Kd6
34. Nf3 a5 35. Ne5 a4 36. Rxc6+ Rxc6 37. Nxc6 Kxc6 38. Kb4 g5 39. Kxa4 1-0

[Event "27.Bayer.Senioren-EM2015"]
[Site ""]
[Date "2015.06.15"]
[Round "6.11"]
[White "Selig, Rainer"]
[Black "Zschorsch, Peter"]
[Result "1-0"]
[WhiteElo "2007"]
[BlackElo "1772"]
[PlyCount "93"]
[EventDate "2015.??.??"]
[WhiteTeam "SpV Ebersbach/SA"]
[BlackTeam "Karlsruher SF"]

1. c4 Nf6 2. Nf3 g6 3. Nc3 Bg7 4. e4 d6 5. d4 O-O 6. h3 a6 7. Be3 b6 8. Be2 Bb7
9. Qc2 Nfd7 10. O-O c5 11. d5 Bc8 12. Nh2 Nf6 13. f4 Kh8 14. Rae1 Ng8 15. Nf3
Nd7 16. Bd3 f6 17. Nh4 Nh6 18. g4 Nf7 19. Nf3 Rg8 20. Ne2 b5 21. b3 b4 22. Ng3
Nb6 23. Nh4 Rf8 24. e5 fxe5 25. Bxg6 e6 26. g5 exd5 27. Bxh7 e4 28. Bxe4 dxe4
29. Ng6+ Kg8 30. Nxf8 Qxf8 31. Qxe4 Ra7 32. Nf5 Bxf5 33. Qxf5 Qc8 34. Qxc8+
Nxc8 35. Bxc5 dxc5 36. Re8+ Kh7 37. Rxc8 Bd4+ 38. Kg2 Nd6 39. Rc6 Nf5 40. Re1
Rd7 41. Rxa6 Bc3 42. Re8 Rd2+ 43. Kf3 Rd3+ 44. Kg4 Ne3+ 45. Kh5 Nf5 46. g6+ Kg7
47. Ra7+ 1-0

[Event "27.Bayer.Senioren-EM2015"]
[Site ""]
[Date "2015.06.15"]
[Round "6.12"]
[White "Strecker, Gerhard"]
[Black "Niedermaier, Peter"]
[Result "1-0"]
[WhiteElo "1930"]
[BlackElo "1757"]
[PlyCount "111"]
[EventDate "2015.??.??"]
[WhiteTeam "SC Starnberg"]
[BlackTeam "SU Ebersberg-Grafing"]

1. e4 c5 2. Nc3 Nc6 3. g3 d6 4. Bg2 g6 5. d3 Bg7 6. f4 Nf6 7. Nf3 Bg4 8. h3 Bd7
9. O-O Qc8 10. Kh2 h5 11. Nh4 Nd4 12. Ne2 Nxe2 13. Qxe2 Nh7 14. c3 Qc7 15. Nf3
O-O-O 16. Be3 f5 17. Nh4 Nf8 18. d4 Bf6 19. e5 dxe5 20. fxe5 Bxh4 21. gxh4 cxd4
22. cxd4 Qa5 23. Rfc1+ Kb8 24. Rc5 Qb4 25. a3 Qb3 26. Rac1 Ne6 27. R5c3 Qb5 28.
Qd1 Bc8 29. Rb3 Qd7 30. Bc6 Qc7 31. Bxb7 Qxb7 32. Rxb7+ Bxb7 33. Qa4 Rd5 34.
Qb4 Rhd8 35. Qxe7 Nxd4 36. Rc7 Ba8 37. Rxa7 Nb5 38. Ra5 Bc6 39. a4 Nc7 40. Rxd5
Rxd5 41. Qb4+ Kc8 42. Qc4 Rxe5 43. Bf4 Bd5 44. Qd4 Re2+ 45. Kg1 Re4 46. Qh8+
Ne8 47. Qc3+ Rc4 48. Qe5 Nc7 49. b4 Rc2 50. b5 Rc4 51. b6 Na6 52. Qxd5 Rxf4 53.
Qc6+ Kd8 54. Qd6+ Kc8 55. Qxf4 Kb7 56. a5 1-0

[Event "27.Bayer.Senioren-EM2015"]
[Site ""]
[Date "2015.06.15"]
[Round "6.13"]
[White "Lehr, Thomas"]
[Black "Thieme, Wolfgang"]
[Result "1-0"]
[WhiteElo "1895"]
[BlackElo "1755"]
[PlyCount "59"]
[EventDate "2015.??.??"]
[WhiteTeam "Husumer SV"]
[BlackTeam "SC Bayer Uerdingen"]

1. e4 e6 2. d4 c5 3. d5 exd5 4. exd5 d6 5. c4 g6 6. Bd3 Bg7 7. Ne2 Nf6 8. Nbc3
O-O 9. O-O Re8 10. Bg5 Nbd7 11. Qd2 Ne5 12. Ng3 Nxd3 13. Qxd3 Qc7 14. Rae1 Bd7
15. h3 a6 16. a4 Qa5 17. Qf3 Rxe1 18. Rxe1 Re8 19. Rc1 Nh5 20. Nxh5 gxh5 21.
Qg3 Be5 22. f4 Bd4+ 23. Kh1 Re3 24. Qh4 Bf5 25. Bh6 f6 26. Qxh5 Bg6 27. Qh4 Qc7
28. f5 Bxf5 29. Bxe3 Bxe3 30. Qg3+ 1-0

[Event "27.Bayer.Senioren-EM2015"]
[Site ""]
[Date "2015.06.15"]
[Round "6.14"]
[White "Wittkugel, Friedhelm"]
[Black "Glueck, Josef"]
[Result "0-1"]
[WhiteElo "1768"]
[BlackElo "1891"]
[PlyCount "40"]
[EventDate "2015.??.??"]
[WhiteTeam "SV Kamen"]
[BlackTeam "SG Traunstein/Traunreut"]

1. d4 Nf6 2. Nc3 g6 3. e4 d6 4. f4 Bg7 5. e5 Nfd7 6. Nf3 c5 7. exd6 cxd4 8.
Nxd4 O-O 9. dxe7 Qxe7+ 10. Be2 Nb6 11. Qd3 Rd8 12. Be3 Bxd4 13. Bxd4 Nc6 14.
Qe3 Rxd4 15. Qxe7 Nxe7 16. Nb5 Rxf4 17. Nc7 Rb8 18. O-O-O Bg4 19. Bxg4 Rxg4 20.
Rhe1 Nc6 0-1

[Event "27.Bayer.Senioren-EM2015"]
[Site ""]
[Date "2015.06.15"]
[Round "6.15"]
[White "Maugg, Ludwig"]
[Black "Klueber, Werner"]
[Result "1-0"]
[WhiteElo "1881"]
[BlackElo "1740"]
[PlyCount "43"]
[EventDate "2015.??.??"]
[WhiteTeam "SC Sonthofen"]
[BlackTeam "SC Prichsenstadt"]

1. d4 d5 2. c4 e6 3. Nc3 Be7 4. Nf3 Nf6 5. Bf4 c6 6. e3 Nbd7 7. c5 O-O 8. Bd3
Re8 9. O-O h6 10. h3 Bf8 11. b4 a6 12. Qc2 Nh5 13. Bh2 g5 14. Ne5 Nxe5 15. Bxe5
Bg7 16. Qe2 Nf6 17. f4 Nh7 18. Bxg7 Kxg7 19. Bxh7 Kxh7 20. fxg5 Rf8 21. Rf6
hxg5 22. Qh5+ 1-0

[Event "27.Bayer.Senioren-EM2015"]
[Site ""]
[Date "2015.06.15"]
[Round "6.16"]
[White "Willin, Bernhard"]
[Black "Kochseder, Georg"]
[Result "0-1"]
[WhiteElo "1691"]
[BlackElo "1871"]
[PlyCount "126"]
[EventDate "2015.??.??"]
[WhiteTeam "SC Horben"]
[BlackTeam "TV Hallstadt"]

1. c4 c5 2. g3 Nc6 3. Bg2 g6 4. Nc3 Bg7 5. e4 d6 6. Nge2 e6 7. d3 Nge7 8. a3 a6
9. Rb1 O-O 10. O-O e5 11. Bd2 Rb8 12. b4 cxb4 13. axb4 b5 14. Nd5 Be6 15. Qc1
Bg4 16. f3 Be6 17. Kh1 Qd7 18. Qa3 Qb7 19. Rfc1 Rfc8 20. Rc2 Bxd5 21. cxd5 Nd8
22. Rbc1 Rxc2 23. Rxc2 Rc8 24. Qc1 Rxc2 25. Qxc2 f6 26. Bh3 Kf8 27. Nc1 Qb6 28.
Be1 Bh6 29. Bf2 Qb8 30. Nb3 Nb7 31. Bb6 f5 32. d4 Qc8 33. Qc7 Qxc7 34. Bxc7
exd4 35. Nxd4 Be3 36. Nc2 Bd2 37. Bb6 a5 38. bxa5 Nxa5 39. Bxa5 Bxa5 40. Nd4 b4
41. Bf1 Bb6 42. Ne6+ Kf7 43. Bc4 Kf6 44. Nf8 Kg7 45. Ne6+ Kf6 46. Nf8 Be3 47.
Nd7+ Kg7 48. Kg2 Bd4 49. h3 fxe4 50. fxe4 Ng8 51. Kf3 Nf6 52. Nxf6 Kxf6 53. Bb3
g5 54. g4 h6 55. Bc4 Ke5 56. Bd3 Bc5 57. Ke2 Kd4 58. Kd2 b3 59. Bb1 Bb4+ 60.
Kc1 Kc3 61. Kd1 Bc5 62. Ke2 Bd4 63. Kd1 Be5 0-1

[Event "27.Bayer.Senioren-EM2015"]
[Site ""]
[Date "2015.06.15"]
[Round "6.17"]
[White "Schroeter, Manfred"]
[Black "Aigner, Georg"]
[Result "1-0"]
[WhiteElo "1855"]
[BlackElo "1725"]
[PlyCount "117"]
[EventDate "2015.??.??"]
[WhiteTeam "SC Falke Saerbeck"]
[BlackTeam "SC Taufkirchen"]

1. e4 e5 2. Nf3 Nc6 3. Bb5 a6 4. Bxc6 dxc6 5. d4 exd4 6. Qxd4 Qxd4 7. Nxd4 c5
8. Nb3 Be6 9. Be3 Bxb3 10. axb3 Nf6 11. Nc3 Bd6 12. f3 O-O 13. Rd1 Rad8 14. Bg5
Be7 15. Rxd8 Rxd8 16. Ke2 Nd5 17. Bxe7 Nxe7 18. Rd1 Rxd1 19. Nxd1 f6 20. g3 Kf7
21. Nf2 Ke6 22. Nh3 g6 23. Nf4+ Kd6 24. g4 b5 25. h4 a5 26. Ke3 Nc6 27. Nd5 f5
28. gxf5 gxf5 29. Nf6 fxe4 30. Nxe4+ Ke5 31. Nxc5 Ne7 32. Nd3+ Kf6 33. Nf4 Ke5
34. Nd3+ Kf6 35. Ke4 c6 36. Nf4 Nf5 37. Ng2 Ke6 38. Kf4 Nd4 39. Ne3 Kf6 40. Ke4
Ne2 41. Nf1 Ng1 42. Kf4 c5 43. Ke4 Ke6 44. f4 Ne2 45. f5+ Kd6 46. f6 Nd4 47.
Ne3 a4 48. Nf5+ Ke6 49. Nxd4+ cxd4 50. Kxd4 axb3 51. cxb3 Kxf6 52. Kc5 Kg6 53.
Kxb5 Kh5 54. Ka6 Kxh4 55. b4 h5 56. b5 Kg4 57. b6 h4 58. b7 h3 59. b8=Q 1-0

[Event "27.Bayer.Senioren-EM2015"]
[Site ""]
[Date "2015.06.15"]
[Round "6.18"]
[White "Knollmueller, Peter"]
[Black "Perzl, Michael"]
[Result "1-0"]
[WhiteElo "1838"]
[BlackElo "1713"]
[PlyCount "69"]
[EventDate "2015.??.??"]
[WhiteTeam "SK Töging"]
[BlackTeam "TSV Trostberg"]

1. d4 d5 2. Nf3 Nf6 3. c4 e6 4. Bg5 Be7 5. e3 O-O 6. Nc3 a6 7. a3 dxc4 8. Bxc4
b5 9. Bd3 Bb7 10. Bxf6 Bxf6 11. Ne4 Nd7 12. Rc1 Rc8 13. b4 Be7 14. Qc2 g6 15.
h4 h6 16. g4 f5 17. gxf5 exf5 18. Ned2 Nf6 19. Rg1 Ng4 20. h5 Qd6 21. hxg6 Qe6
22. Ke2 Kg7 23. Qb2 Rf6 24. Nh4 Be4 25. Rxg4 Bxd3+ 26. Kxd3 fxg4 27. Ne4 Rff8
28. d5+ Bf6 29. dxe6 Bxb2 30. Rc6 Bf6 31. Ng2 Be5 32. e7 Rfe8 33. Re6 Bb2 34.
Nf4 Bxa3 35. Nh5+ 1-0

[Event "27.Bayer.Senioren-EM2015"]
[Site ""]
[Date "2015.06.15"]
[Round "6.19"]
[White "Babichev, Vyacheslav"]
[Black "Korth, Manfred"]
[Result "0-1"]
[WhiteElo "1683"]
[BlackElo "1833"]
[PlyCount "98"]
[EventDate "2015.??.??"]
[WhiteTeam "SW Nürnberg Süd"]
[BlackTeam "SC Heideck-Hilpoltstein"]

1. e4 d6 2. Nf3 Nf6 3. Nc3 Bg4 4. h3 Bh5 5. g4 Bg6 6. d3 h6 7. e5 Nfd7 8. exd6
cxd6 9. Nh4 Bh7 10. Bg2 Nc6 11. Nf3 e6 12. Be3 d5 13. a3 a6 14. Nd4 Bd6 15.
Nde2 Rc8 16. d4 Na5 17. b3 Qe7 18. Bc1 O-O 19. Ra2 b5 20. Nb1 Nxb3 21. Be3 Na5
22. O-O Nc4 23. Bc1 Nf6 24. f3 Rc6 25. Nf4 Rfc8 26. Re1 Qc7 27. Nd3 e5 28. g5
hxg5 29. Bxg5 Nd7 30. Nb4 Bxb4 31. axb4 Qb6 32. Nc3 f6 33. Nxd5 Qd8 34. Bh4 Rd6
35. dxe5 Ndxe5 36. f4 Ng6 37. Bg3 Nb6 38. f5 Ne5 39. Bxe5 fxe5 40. Rxe5 Kf8 41.
Qf3 Bg8 42. Ne7 Bxa2 43. Ng6+ Kf7 44. Re7+ Kg8 45. Qh5 Rd1+ 46. Bf1 Qd4+ 47.
Kh2 Rxc2+ 48. Bg2 Qg1+ 49. Kg3 Qxg2+ 0-1

[Event "27.Bayer.Senioren-EM2015"]
[Site ""]
[Date "2015.06.15"]
[Round "6.20"]
[White "Duerr, Rainer"]
[Black "Klimpel, Siegfried"]
[Result "1/2-1/2"]
[WhiteElo "1816"]
[BlackElo "1645"]
[PlyCount "50"]
[EventDate "2015.??.??"]
[WhiteTeam "SC Prien"]
[BlackTeam "TSV Kareth-Lappersdorf"]

1. d4 c6 2. Nf3 d6 3. e4 Qc7 4. c4 e5 5. Nc3 Bg4 6. Be3 Nf6 7. Be2 Nbd7 8. h3
Bh5 9. O-O Bg6 10. Nd2 Be7 11. b4 O-O 12. d5 Rfd8 13. Qb3 Kh8 14. dxc6 bxc6 15.
b5 Nc5 16. Bxc5 dxc5 17. Qc2 Rd4 18. f3 Rad8 19. Nb3 R4d7 20. g4 Rd6 21. bxc6
Qxc6 22. Rfd1 a6 23. Rxd6 Rxd6 24. Rd1 Ne8 25. Rxd6 Qxd6 1/2-1/2

[Event "27.Bayer.Senioren-EM2015"]
[Site ""]
[Date "2015.06.15"]
[Round "6.21"]
[White "Schiessl, Werner"]
[Black "Bilyavskyy, Borys"]
[Result "0-1"]
[WhiteElo "1388"]
[BlackElo "1807"]
[PlyCount "124"]
[EventDate "2015.??.??"]
[WhiteTeam "FVS ASP Hoyerswerda"]
[BlackTeam "FC Ergolding"]

1. e4 c5 2. Nf3 d6 3. c3 Nf6 4. Qc2 g6 5. Qb3 Bg7 6. Bd3 O-O 7. c4 Nc6 8. Nc3
e6 9. a3 b6 10. Bb1 Bb7 11. Qc2 Nd4 12. Nxd4 cxd4 13. Ne2 Bxe4 14. d3 Bxg2 15.
Rg1 Bb7 16. Nxd4 Qc7 17. Bg5 Qc5 18. Be3 Qh5 19. Ba2 Bh6 20. Qd2 Bxe3 21. Qxe3
Ng4 22. Qe2 Nf6 23. Qxh5 Nxh5 24. Kd2 Rfd8 25. Bb3 Rac8 26. h4 Rc5 27. Bd1 Kf8
28. Rg5 Nf6 29. b4 Rxg5 30. hxg5 Ne8 31. Bf3 Bxf3 32. Nxf3 Ng7 33. Nd4 Rd7 34.
Rh1 Kg8 35. Ne2 Nh5 36. Ke3 f6 37. gxf6 Nxf6 38. Nd4 Kf7 39. b5 h5 40. Nf3 Ng4+
41. Ke2 Kf6 42. d4 Rc7 43. Nd2 Kf5 44. f3 Nf6 45. Kd3 d5 46. Re1 dxc4+ 47. Nxc4
Nd5 48. Re5+ Kf6 49. Re1 Nf4+ 50. Kc3 h4 51. Kb3 h3 52. Nd6 Rh7 53. Ne4+ Kf5
54. Ng3+ Kg5 55. Rg1 Kh4 56. Nh1 Ng2 57. Rc1 Rf7 58. Rc3 Ne1 59. f4 Rxf4 60.
Rc7 Rf1 61. d5 exd5 62. Rxa7 Rxh1 0-1

[Event "27.Bayer.Senioren-EM2015"]
[Site ""]
[Date "2015.06.15"]
[Round "6.22"]
[White "Kalkmann, Hans"]
[Black "Riegler, Markus"]
[Result "1/2-1/2"]
[WhiteElo "1859"]
[BlackElo "1609"]
[PlyCount "34"]
[EventDate "2015.??.??"]
[WhiteTeam "SC Springer St.Tönis"]
[BlackTeam "SK Mannheim-Lindenhof"]

1. d4 Nf6 2. Nf3 e6 3. g3 b6 4. Bg2 Bb7 5. O-O d5 6. c4 Be7 7. Ne5 O-O 8. Nc3
Nbd7 9. e3 c5 10. Nxd7 Qxd7 11. dxc5 Bxc5 12. cxd5 Nxd5 13. a3 Rad8 14. Nxd5
Bxd5 15. b4 Bxg2 16. Qxd7 Rxd7 17. Kxg2 Be7 1/2-1/2

[Event "27.Bayer.Senioren-EM2015"]
[Site ""]
[Date "2015.06.15"]
[Round "6.23"]
[White "Baumgartner, Andreas"]
[Black "Isopp, Manfred"]
[Result "1/2-1/2"]
[WhiteElo "1677"]
[BlackElo "1957"]
[PlyCount "115"]
[EventDate "2015.??.??"]
[WhiteTeam "ASV J'Adoube Grassau"]
[BlackTeam "SV Treffen"]

1. d4 Nf6 2. c4 c5 3. e3 g6 4. Nf3 Bg7 5. Nc3 O-O 6. Be2 d6 7. O-O Bg4 8. h3
Bxf3 9. Bxf3 Nc6 10. a3 a6 11. dxc5 dxc5 12. Bxc6 bxc6 13. Qxd8 Rfxd8 14. Na4
Ne4 15. f3 Nd6 16. Nxc5 Nxc4 17. Rb1 a5 18. Na4 Rab8 19. b3 Nd2 20. Bxd2 Rxd2
21. Rfc1 Rd3 22. Rxc6 Rxe3 23. Nc5 h5 24. Kf1 a4 25. Nxa4 Rexb3 26. Rxb3 Rxb3
27. Rc2 Rxa3 28. Nc5 Bd4 29. Ne4 Kg7 30. Ke2 h4 31. Rd2 e5 32. Rc2 Ra7 33. Kd3
f5 34. Nc5 Kf6 35. Nb3 Rd7 36. Nxd4 Rxd4+ 37. Ke3 Rd6 38. Ra2 Rb6 39. Rc2 Kg5
40. Kf2 Kf4 41. Ra2 Rd6 42. Rc2 e4 43. fxe4 fxe4 44. Rc4 Rd2+ 45. Kf1 g5 46.
Ra4 Ke3 47. Kg1 Rd1+ 48. Kh2 Rd4 49. Ra5 Kf4 50. Kg1 e3 51. Kf1 Rd1+ 52. Ke2
Rd2+ 53. Kf1 e2+ 54. Ke1 Rb2 55. Ra4+ Ke3 56. Ra3+ Kd4 57. Ra4+ Ke3 58. Ra3+
1/2-1/2

[Event "27.Bayer.Senioren-EM2015"]
[Site ""]
[Date "2015.06.15"]
[Round "6.24"]
[White "Lubberich, Alfred"]
[Black "Neubauer, Jaroslaus"]
[Result "1/2-1/2"]
[WhiteElo "1616"]
[BlackElo "1858"]
[PlyCount "80"]
[EventDate "2015.??.??"]
[WhiteTeam "SG Nettetal"]
[BlackTeam "SK Schweinfurt"]

1. Nf3 Nf6 2. b3 e6 3. Bb2 d5 4. e3 Be7 5. c4 Nbd7 6. Be2 O-O 7. d4 b6 8. Nc3
Bb7 9. Rc1 c5 10. cxd5 Nxd5 11. a3 Nxc3 12. Rxc3 Bf6 13. Rc2 Rc8 14. Rd2 Bxf3
15. Bxf3 c4 16. bxc4 Rxc4 17. Qb3 Rc7 18. O-O h6 19. Rc1 Rxc1+ 20. Bxc1 Be7 21.
Bb2 Qb8 22. d5 Nc5 23. Qd1 Rd8 24. dxe6 Nxe6 25. Rxd8+ Qxd8 26. Qxd8+ Bxd8 27.
Bd4 Nxd4 28. exd4 b5 29. Bc6 a6 30. Bb7 a5 31. Ba6 b4 32. axb4 axb4 33. Bc4 Kf8
34. Kf1 Ke7 35. Ke2 f6 36. f3 Kd7 37. g4 Bc7 38. h3 Bf4 39. Kd3 Kd6 40. Ke4 Bd2
1/2-1/2

[Event "27.Bayer.Senioren-EM2015"]
[Site ""]
[Date "2015.06.15"]
[Round "6.25"]
[White "Zerweck, Christoph"]
[Black "Walch, Roger"]
[Result "1-0"]
[WhiteElo "1779"]
[BlackElo "1666"]
[PlyCount "29"]
[EventDate "2015.??.??"]
[WhiteTeam "SV Herrenberg"]
[BlackTeam "SW Nürnberg Süd"]

1. e4 e6 2. d4 d5 3. Nc3 Nf6 4. Bg5 Be7 5. e5 Nfd7 6. h4 Bxg5 7. hxg5 Qxg5 8.
Nh3 Qe7 9. Qg4 g6 10. O-O-O a6 11. Ng5 Nf8 12. Nxd5 Qd8 13. Nf6+ Ke7 14. Qf3 h6
15. Bc4 1-0

[Event "27.Bayer.Senioren-EM2015"]
[Site ""]
[Date "2015.06.15"]
[Round "6.26"]
[White "Koenigl, Anton"]
[Black "Schoenfelder, Heinrich"]
[Result "1/2-1/2"]
[WhiteElo "1767"]
[BlackElo "1643"]
[PlyCount "184"]
[EventDate "2015.??.??"]
[WhiteTeam "FC Ergolding"]
[BlackTeam "SC Tarrasch München"]

1. e4 c5 2. b3 d6 3. Nf3 Nc6 4. Bb2 Nf6 5. d3 e5 6. h3 h6 7. Be2 Nd4 8. Nxd4
cxd4 9. c3 dxc3 10. Bxc3 Be7 11. Nd2 Bd7 12. Nc4 b5 13. Ne3 Rc8 14. Qd2 Qc7 15.
Bb4 Qb7 16. O-O O-O 17. Kh2 Rfe8 18. Bf3 Qb8 19. g3 Bf8 20. Bg2 a6 21. f3 Be6
22. f4 Nh7 23. f5 Bd7 24. h4 Be7 25. Nd5 Nf6 26. Nxe7+ Rxe7 27. Bf3 Rc6 28.
Rac1 Re8 29. Rxc6 Bxc6 30. Rc1 Rc8 31. Kh3 Bd7 32. g4 Ne8 33. g5 hxg5 34. hxg5
Rxc1 35. Qxc1 Qc8 36. Qxc8 Bxc8 37. Kg3 f6 38. gxf6 gxf6 39. Bh5 Kf8 40. Bxe8
Kxe8 41. Bxd6 Kf7 42. Bb4 Bd7 43. Kf3 Kg7 44. Be7 Kf7 45. Bd8 Bc6 46. Ke3 Bb7
47. Kd2 Bc6 48. Kc3 Kg7 49. Kb4 Be8 50. Ka5 Bh5 51. Kxa6 Be2 52. Kxb5 Bxd3+ 53.
Kc5 Bxe4 54. b4 Bxf5 55. a4 e4 56. b5 e3 57. Ba5 Bc2 58. b6 Be4 59. Kd4 Bb7 60.
Kxe3 Kf7 61. Kd4 Ke6 62. Kc5 f5 63. Bd2 Kd7 64. Bf4 Ba6 65. Kd5 Bb7+ 66. Ke5
Kc6 67. Be3 Bc8 68. Bf2 Kb7 69. Kd6 f4 70. a5 Bh3 71. Ke5 f3 72. Kf4 Bg2 73.
Ke3 Ka6 74. Be1 Kb7 75. Bf2 Ka6 76. Kd4 Kb7 77. Kc5 Bf1 78. Kd6 Be2 79. Ke5 Bf1
80. Ke4 Be2 81. Be1 Ka6 82. Ke3 Kb7 83. Kd4 Ka6 84. Ke5 Kb7 85. Kd5 Bd3 86. Bf2
Be2 87. Kd6 Bd3 88. Kd7 Bb5+ 89. Kd6 Bf1 90. Ke5 Ka6 91. Kf4 Be2 92. Be3 Kb7
1/2-1/2

[Event "27.Bayer.Senioren-EM2015"]
[Site ""]
[Date "2015.06.15"]
[Round "6.27"]
[White "Braeu, Ludwig"]
[Black "Kammel, Rudolf"]
[Result "1-0"]
[WhiteElo "1733"]
[BlackElo "1582"]
[PlyCount "117"]
[EventDate "2015.??.??"]
[WhiteTeam "SK Marktoberdorf"]
[BlackTeam "SC Bavaria Regensb."]

1. c4 e6 2. g3 d5 3. Bg2 Nf6 4. Nf3 c5 5. e3 Nc6 6. O-O Be7 7. b3 O-O 8. Bb2
Ne4 9. d3 Bf6 10. Bxf6 Qxf6 11. Na3 Nd6 12. Qc1 b6 13. cxd5 exd5 14. d4 Ba6 15.
Re1 Ne4 16. Qb2 Nb4 17. Ne5 Nd3 18. Nxd3 Bxd3 19. Rad1 Ba6 20. Nc4 dxc4 21.
Bxe4 Rad8 22. bxc4 Bxc4 23. Qc2 Be6 24. dxc5 bxc5 25. Qxc5 Rb8 26. Rd2 Rb6 27.
Qc7 Ra6 28. Bb1 Bh3 29. f4 Rc6 30. Qxa7 Rfc8 31. Qd4 Qe7 32. Qe4 Qxe4 33. Bxe4
Rc3 34. Kf2 Kf8 35. Rb1 Re8 36. Bg2 Bxg2 37. Kxg2 Rcxe3 38. Kf2 f5 39. Rb3 Re1
40. Rb7 h5 41. Rbd7 Ra1 42. Rd8 Rae1 43. Rxe8+ Rxe8 44. h4 Rc8 45. a4 Rc3 46.
Ra2 Ke7 47. a5 Kd6 48. a6 Rc8 49. a7 Ra8 50. Ke3 Kc5 51. Kd3 g6 52. Kc3 Kd5 53.
Ra4 Kc5 54. Ra5+ Kb6 55. Kb4 Kb7 56. Kb5 Rd8 57. a8=Q+ Rxa8 58. Rxa8 Kxa8 59.
Kc6 1-0

[Event "27.Bayer.Senioren-EM2015"]
[Site ""]
[Date "2015.06.15"]
[Round "6.28"]
[White "Zehfuss, Helmut"]
[Black "Steffl, Herbert"]
[Result "1-0"]
[WhiteElo "1716"]
[BlackElo "1539"]
[PlyCount "105"]
[EventDate "2015.??.??"]
[WhiteTeam "SG Traunstein/Traunreut"]
[BlackTeam "ASV J'Adoube Grassau"]

1. e4 e6 2. d4 d5 3. Nc3 dxe4 4. Nxe4 Nd7 5. Nf3 Ngf6 6. Ng3 c5 7. Be2 Be7 8.
O-O O-O 9. Re1 b6 10. c3 Bb7 11. a3 cxd4 12. Nxd4 Nc5 13. Bf3 Bxf3 14. Qxf3 Qd5
15. Qxd5 Nxd5 16. c4 Nf6 17. b4 Nd3 18. Rd1 Nxc1 19. Raxc1 Rac8 20. Nb3 Rfd8
21. c5 bxc5 22. bxc5 h5 23. Rxd8+ Rxd8 24. f3 Rc8 25. Kf1 Kf8 26. Ke2 h4 27.
Ne4 Nd7 28. f4 f5 29. Ng5 e5 30. Ke3 Rc6 31. Nf3 Bxc5+ 32. Nxc5 exf4+ 33. Kxf4
Nxc5 34. Kxf5 Rf6+ 35. Kg4 Nd3 36. Rc8+ Kf7 37. Rc7+ Kg6 38. Nxh4+ Kh7 39. Rxa7
Rf4+ 40. Kg3 Kh6 41. Ra5 g5 42. Nf5+ Kg6 43. Ne7+ Kh5 44. Ra8 Kh6 45. h3 Nf2
46. a4 Ne4+ 47. Kh2 Nd2 48. a5 Nf1+ 49. Kg1 Ng3 50. a6 Rf1+ 51. Kh2 Nh5 52. a7
Kg7 53. Rg8+ 1-0

[Event "27.Bayer.Senioren-EM2015"]
[Site ""]
[Date "2015.06.15"]
[Round "6.29"]
[White "Aufmwasser, Guenter"]
[Black "Boldt, Heinrich"]
[Result "0-1"]
[WhiteElo "1494"]
[BlackElo "1682"]
[PlyCount "68"]
[EventDate "2015.??.??"]
[WhiteTeam "SV Hilden"]
[BlackTeam "TSV Kareth-Lappersdorf"]

1. f4 d5 2. Nf3 g6 3. d3 Nf6 4. c3 c5 5. Qc2 Nc6 6. e4 dxe4 7. dxe4 Bg7 8. Be2
O-O 9. O-O e6 10. Na3 a6 11. Be3 Nd7 12. Rad1 Qc7 13. Rd2 b5 14. Rfd1 Re8 15.
Qc1 Rb8 16. Nc2 Ne7 17. Nfe1 Nf6 18. Bf3 Bb7 19. e5 Nfd5 20. g3 Nf5 21. Bf2
Rbd8 22. Bg2 Bf8 23. g4 Ng7 24. Re2 Nxf4 25. Red2 Rxd2 26. Qxd2 Nxg2 27. Nxg2
Qxe5 28. Bg3 Qd5 29. Nce3 Qxd2 30. Rxd2 Bc6 31. Nh4 Be7 32. Kf2 Rd8 33. Rxd8+
Bxd8 34. Bd6 Bxh4+ 0-1

[Event "27.Bayer.Senioren-EM2015"]
[Site ""]
[Date "2015.06.15"]
[Round "6.30"]
[White "Reichwald, Klaus"]
[Black "Otto, Klaus"]
[Result "1/2-1/2"]
[WhiteElo "1743"]
[BlackElo "1550"]
[PlyCount "66"]
[EventDate "2015.??.??"]
[WhiteTeam "SC Lohhof"]
[BlackTeam "SV Triebes"]

1. e4 e6 2. d4 d5 3. exd5 exd5 4. Nf3 Nf6 5. Be2 Be7 6. h3 Bf5 7. Be3 Nbd7 8.
Nbd2 c6 9. Rc1 O-O 10. O-O h6 11. c4 dxc4 12. Nxc4 Nd5 13. Bd2 Re8 14. Nce5 Bd6
15. Nc4 Bf4 16. Re1 Bxd2 17. Qxd2 Qc7 18. Nce5 f6 19. Nxd7 Qxd7 20. Nh4 Bh7 21.
Bh5 Re7 22. Rxe7 Nxe7 23. Re1 g5 24. Nf3 Bg6 25. Bg4 Qc7 26. Be6+ Kg7 27. h4
Bf7 28. hxg5 hxg5 29. Bxf7 Kxf7 30. Qd3 Rh8 31. g3 Qd7 32. Kf1 Rh1+ 33. Ke2
Rxe1+ 1/2-1/2

[Event "27.Bayer.Senioren-EM2015"]
[Site ""]
[Date "2015.06.15"]
[Round "6.31"]
[White "Stephan, Hubert"]
[Black "Harke, Horst"]
[Result "1/2-1/2"]
[WhiteElo "1527"]
[BlackElo "1664"]
[PlyCount "138"]
[EventDate "2015.??.??"]
[WhiteTeam "SC Prien"]
[BlackTeam "SK Varel"]

1. e4 e5 2. Bc4 Nf6 3. d3 Be7 4. Nf3 d6 5. c3 h6 6. Nbd2 Nbd7 7. Nf1 c6 8. Ng3
Nb6 9. Bb3 Bg4 10. h3 Bxf3 11. Qxf3 O-O 12. Nf5 Kh7 13. Bd2 Ng8 14. h4 d5 15.
O-O-O a5 16. Bc2 g6 17. Nxe7 Qxe7 18. h5 dxe4 19. Qxe4 f5 20. hxg6+ Kxg6 21.
Qe3 Nd5 22. Qg3+ Kh7 23. f3 Qg7 24. Qh3 Nf4 25. Bxf4 exf4 26. d4 Qg5 27. Rhe1
Rad8 28. Rd2 Rd7 29. Re5 Rd5 30. c4 Rxe5 31. dxe5 Rf7 32. e6 Re7 33. Bxf5+ Kg7
34. Re2 Nf6 35. Bd3 b5 36. Kb1 bxc4 37. Bxc4 a4 38. a3 Qc5 39. Rc2 Qe5 40. Qh1
Nd5 41. Bd3 Rxe6 42. Be4 Qf6 43. Qg1 Ne3 44. Re2 Rd6 45. Bc2 Nxc2 46. Rxc2 Kg6
47. Qc5 Qe6 48. Qc3 Qf5 49. b3 axb3 50. Qxb3 Rd5 51. Qc4 c5 52. a4 Qe5 53. Qe4+
Qxe4 54. fxe4 Rd4 55. Ra2 Rxe4 56. a5 Re7 57. a6 Ra7 58. Kc2 Kf5 59. Kd3 Kg4
60. Kc4 Kg3 61. Kxc5 h5 62. Kb6 Rf7 63. Rc2 f3 64. gxf3 Rxf3 65. Kb7 Rb3+ 66.
Kc7 Ra3 67. Kb7 h4 68. a7 Rxa7+ 69. Kxa7 h3 1/2-1/2